Riconosci lo Stato - Quiz n°23 - Statistics

Statistiche generali
  • Questo quiz è stato fatto 56 volte
  • Il punteggio medio è 9 su 12
Statistiche sulle risposte
Indizio Risposta % Corretto
Iniziale della Capitale P
90%
Valuta Dollaro
86%
Presidente della Repubblica Chan Santokhi
82%
Fuso Orario UTC-3
78%
Superficie 163 820 km²
76%
Indipendenza 25 novembre 1975, dal Regno dei Paesi Bassi
76%
Forma di Governo Repubblica presidenziale
76%
Popolazione 543 925 ab.
69%
PIL (nominale) 4 755 milioni di $ (2012)
63%
ISU 0,725
61%
Tasso di crescita 1,222%
57%
Risposta Suriname
51%
Nessun quiz corrispondente trovato
Distribuzione punteggi
Percentuale di utenti per punteggio
Percentile per numero di risposta
I tuoi punteggi nel tempo
Non hai fatto questo quiz